Οικονομική και Πολιτική των Λιμένων / Ανταγωνισμός και Ανταγωνιστικότητα στη Σύγχρονη Λιμενική Βιομηχανία (Record no. 8278)
[ view plain ]
| 000 -LEADER | |
|---|---|
| fixed length control field | 01979cam a22001934a 4500 |
| 005 - ΗΜΕΡΟΜΗΝΙΑ ΚΑΙ ΩΡΑ ΤΕΛΕΥΤΑΙΑΣ ΕΝΗΜΕΡΩΣΗΣ | |
| Πεδίο ελέγχου | 20250605164331.0 |
| 008 - FIXED-LENGTH DATA ELEMENTS--GENERAL INFORMATION | |
| Πεδίο ελέγχου σταθερού μήκους | 250528s ||||||||||||||||||||||||d |
| 035 ## - SYSTEM CONTROL NUMBER | |
| System control number | 23249 |
| 020 ## - ISBN | |
| ISBN | 9789603516897 |
| 040 ## - ΠΗΓΗ ΚΑΤΑΛΟΓΟΓΡΑΦΗΣΗΣ | |
| Φορέας πρωτότυπης καταλογογράφησης | MC Athens Campus Library |
| Γλώσσα καταλογογράφησης | Ελληνικά, Μοντέρνα (1453-) |
| Modifying agency | MC Athens Campus Library |
| Κανόνες περιγραφικής καταλογογράφησης | AACR2 |
| 245 1# - ΤΙΤΛΟΣ ΚΑΙ ΔΗΛΩΣΗ ΥΠΕΥΘΥΝΟΤΗΤΑΣ | |
| Τίτλος | Οικονομική και Πολιτική των Λιμένων / Ανταγωνισμός και Ανταγωνιστικότητα στη Σύγχρονη Λιμενική Βιομηχανία |
| 260 ## - PUBLICATION, DISTRIBUTION, ETC. | |
| Name of publisher, distributor, etc. | Σταμούλης Α, |
| Date of publication, distribution, etc. | 2007 |
| 300 ## - PHYSICAL DESCRIPTION | |
| Extent | 496 |
| 520 ## - SUMMARY, ETC. | |
| Summary, etc. | Στο παρόν βιβλίο εξετάζεται το πώς η Λιμενική επιχείρηση και Λιμενική αρχή μπορεί να επιτύχει ανταγωνιστικό πλεονέκτημα για να μπορέσει να ανταγωνιστεί τις άλλες επιχειρήσεις σε μια αγορά. Εισαγωγή, Η Λιμενική Επιχείρηση, Η Ζήτηση του Λιμενικού Προϊόντος, Η Πρόβλεψη της Ζήτησης του Λιμενικού Προϊόντος, Η Προσφορά του Λιμενικού Προϊόντος, Πλεονασματική Ζήτηση και Πλεονασματική Προσφορά, Η Λιμενική Παραγωγή, Τεχνολογική Πρόοδος και Καινοτομίας στα Λιμάνια, Μέτρηση της Παραγωγικότητας στα Τερματικά που Διαχειρίζονται Εμπορευματοκιβώτια, Το Κόστος Παραγωγής του Λιμενικού Προϊόντος, Το Κόστος της Ποιότητας στα Λιμάνια, Η Τιμολογιακή Πολιτική των Λιμανιών, Ανταγωνισμός και Ανταγωνιστικότητα στη Λιμενική Βιομηχανία. |
| 700 1# - ΠΡΟΣΘΕΤΗ ΑΝΑΓΡΑΦΗ--ΦΥΣΙΚΟ ΠΡΟΣΩΠΟ | |
| Personal name | Παρδάλη Αγγελική |
| 9 (RLIN) | 8696 |
| 942 ## - ADDED ENTRY ELEMENTS (KOHA) | |
| Koha item type | Books |
| Τύπος τεκμηρίου | Βιβλιοθήκη | Τρέχουσα τοποθεσία | Barcode | Αριθμός εισαγωγής | Ημερομηνία απόκτησης | Ταξιθετικό σύμβολο | Αριθμός αντιτύπου | Κατάσταση απόσυρσης | Κατάσταση χαμένου | Κατάσταση κατεστραμμένου | Μη δανεισμός | Σύνολο δανεισμών | Ημερομηνία τελευταίας εμφάνισης | Η τιμή ισχύει από |
|---|---|---|---|---|---|---|---|---|---|---|---|---|---|---|
| Books | MC Athens Campus Library | MC Athens Campus Library | 9780000082770 | 7534 | 05/06/2025 | 387.1 PAR | 1 | 05/06/2025 | 05/06/2025 |